Countries with the longest Wikipedia Articles about themselves - Statistics

General Stats
  • This quiz has been taken 114 times
  • The average score is 13 of 20
Answer Stats
Words Country % Correct
18,809 United Kingdom
98%
24,736 France
95%
20,164 Spain
92%
24,503 Italy
91%
20,186 Poland
82%
22,276 Greece
77%
20,657 Sweden
77%
24,005 Portugal
75%
23,246 Mexico
74%
20,490 Norway
74%
18,227 Iran
71%
22,483 Netherlands
71%
18,468 Finland
70%
20,030 Ukraine
63%
18,415 Israel
60%
22,324 Saudi Arabia
46%
20,228 Lithuania
28%
18,574 Dominican Republic
20%
19,944 Bangladesh
17%
19,413 Sierra Leone
2%
No matching quizzes found
Score Distribution
Percent of People with Each Score
Percentile by Number Answered
Your Score History
You have not taken this quiz